|
|
|
|
| LEADER |
00000nam0a2200000 4500 |
| 001 |
341608 |
| 005 |
20231102005349.0 |
| 010 |
|
|
|a 9785972902620
|
| 035 |
|
|
|a (RuTPU)RU\TPU\book\369827
|
| 090 |
|
|
|a 341608
|
| 100 |
|
|
|a 20181017d2019 k y0rusy50 ca
|
| 101 |
0 |
|
|a rus
|
| 102 |
|
|
|a RU
|
| 105 |
|
|
|a a z 001zy
|
| 200 |
1 |
|
|a Рациональное использование попутного нефтяного газа
|e монография
|f В. К. Алиев, Г. А. Крятова, В. В. Руденко
|
| 210 |
|
|
|a Москва
|a Вологда
|c Инфра-Инженерия
|d 2019
|
| 215 |
|
|
|a 124 с.
|c ил.
|
| 320 |
|
|
|a Библиогр.: с. 123
|
| 330 |
|
|
|a Рассмотрены вопросы сбора, хранения, транспортировки и использования попутного нефтяного газа и необходимые для этого технические устройства. Раскрыты негативные последствия, вызываемые факельным сжиганием попутного нефтяного газа. Особое внимание уделено отечественному оборудованию, необходимому для квалифицированного использования этого ценного ресурса.
|
| 606 |
1 |
|
|a Нефтяной газ, попутный
|2 stltpush
|3 (RuTPU)RU\TPU\subj\68710
|9 83876
|
| 610 |
1 |
|
|a нефтедобыча
|
| 610 |
1 |
|
|a попутный нефтяной газ
|
| 610 |
1 |
|
|a сбор
|
| 610 |
1 |
|
|a подготовка
|
| 610 |
1 |
|
|a компримирование
|
| 610 |
1 |
|
|a использование
|
| 610 |
1 |
|
|a потребители
|
| 610 |
1 |
|
|a утилизация
|
| 610 |
1 |
|
|a экологические аспекты
|
| 610 |
1 |
|
|a факельное сжигание
|
| 610 |
1 |
|
|a газонефтехимия
|
| 610 |
1 |
|
|a применение
|
| 610 |
1 |
|
|a сельское хозяйство
|
| 610 |
1 |
|
|a энергетика
|
| 610 |
1 |
|
|a фракционная перегонка
|
| 610 |
1 |
|
|a горение в потоке
|
| 610 |
1 |
|
|a токсичные вещества
|
| 610 |
1 |
|
|a монографии
|
| 675 |
|
|
|a 665.61
|v 4
|
| 700 |
|
1 |
|a Алиев
|b В. К.
|g Владимир Кязимович
|
| 701 |
|
1 |
|a Крятова
|b Г. А.
|g Галина Анатольевна
|
| 701 |
|
1 |
|a Руденко
|b В. В.
|g Владислав Владимирович
|
| 801 |
|
1 |
|a RU
|b 63413507
|c 20181017
|
| 801 |
|
2 |
|a RU
|b 63413507
|c 20200610
|g RCR
|
| 942 |
|
|
|c BK
|
| 959 |
|
|
|a 3/20180221
|d 1
|e 1550,00
|f ЧЗТЛ:1
|
| 959 |
|
|
|a 1/20200120
|d 1
|e 1550,00
|f УФ:1
|